| 000 | 00379nam a2200145Ia 4500 | ||
|---|---|---|---|
| 008 | 240624s9999 xx 000 0 und d | ||
| 041 | _aeng | ||
| 082 | _a658.404 MER | ||
| 100 | _aMEREDITH JACK R | ||
| 245 | _aPROJECT MANAGEMENT A MANAGERIAL APPROACH | ||
| 250 | _a(5th ed.) | ||
| 260 |
_c2005 _aNew York _bJohn Wiley and Sons |
||
| 300 | _axiv, : 690p. ; 24cm. | ||
| 365 |
_c _b25 |
||
| 999 |
_c8758 _d8758 |
||